000 00701 a2200181 4500
003 Nust
005 20170207153209.0
040 _cNust
082 _a005.1
100 _aMohsin, Syed Maajid (MSCS-11)
245 _aFace recognition biometric system using bank of Gabor filters
_cSyed Maajid Mohsin
260 _bMCS,NUST
_c2006
_aRawalpindi
300 _aix, 71, p.;
505 _aThesis introduction (page-1) Biometrics overview (page-5) Face recognition (page-15) Filter bank based face recognition (page-21) Implementation (page-36) Experimental results and discussion (page-52) Conclusion and future work (page-66)
538 _aAlmirah No 73 Shelf No 1
650 _aPG Thesis
651 _aMSCS-11
942 _cTHS
999 _c181295
_d181295